• 首页
  • 本馆介绍
  • 公告通知
  • 最新文献
  • 馆藏检索
  • 电子资源
  • 读者导购
  • 参考咨询
  • 我的图书馆
  • 登录
  • 详细信息显示
  • 放入我的书架
  • 预约/预借图书
  • 作者相关作品
  • 分类相关作品
  • 丛书相关作品
  • 出版社相关作品

书目信息

  • 表格格式
  • 工作单格式
  • 卡片格式
书名: Introduction to electrodynamics
作者: David J. Griffiths.
分册号:
分册名:
出版地: Englewood Cliffs, N.J. :
 
出版社: Prentice-Hall
出版时间: 1981.
页数: x, 479 p. :
开本: 24 cm.
丛书名:
中图分类号:
科图分类号:
其他分类号: O142:H31
主题词:
电子资源:
000 00790pam a2200253 a 450
001 E0732371867
005 20070303090057.46
008 800219s1981 njua 001 0 eng
010    @a80011508
020    @a013481374X :@c$20.95.
035    @A(DLC) 80011508
040    @aDLC@cDLC@dDLC
050 00 @aQC680@b.G74
082 00 @a537.6
090    @aO142:H31
099    @dO142:H31@ex6
100 1  @aGriffiths, David J.@q(David Jeffery),@d1942-
245 10 @aIntroduction to electrodynamics / @cDavid J. Griffiths.
260    @aEnglewood Cliffs, N.J. :@bPrentice-Hall,@c1981.
300    @ax, 479 p. :@bill. ;@c24 cm.
500    @aIncludes index.
650  0 @aElectrodynamics.
906    @a7@bcbc@corignew@d1@eocip@f19@gy-gencatlg
991    @bc-GenColl@hQC680@i.G74@p00037307312@tCopy 1@wBOOKS
    
    Introduction to electrodynamics / / David J. Griffiths.-Englewood Cliffs, N.J. : : Prentice-Hall, , 1981.
    x, 479 p. : : ill. ; ; 24 cm.
    Includes index.
    
    ISBN 013481374X :$20.95.
    
●
相关链接 在E读中查询图书 在五车中查询图书 在当当中查询图书 在豆瓣中查询图书


正题名:Introduction to electrodynamics     索取号:O142:H31/x6         预约/预借

序号 登录号 条形码 馆藏地/架位号 状态 备注
1 136980   202460416   第四借阅区/ [索取号:O142:H31/x6] 在馆    
唐山师范学院图书馆 欢迎您!
大连网信软件有限公司© 版权所有